Statistics for tolerate it - Taylor Swift Lyrics

Click here to take the quiz!

General Stats

  • This quiz has been taken 1,193 times
  • The average score is 283 of 313

Answer Stats

Answer% Correct
a
100%
I
100%
it
99%
tolerate
99%
you
99%
You
99%
and
98%
And
98%
be
98%
my
98%
watch
98%
what
98%
your
98%
in
97%
the
97%
do
96%
for
96%
head
96%
me
96%
sit
96%
with
96%
all
95%
but
95%
But
95%
If
95%
if
95%
I'm
95%
Now
95%
now
95%
so
95%
Tell
95%
tell
95%
it's
94%
know
94%
love
94%
should
94%
celebrated
93%
fancy
93%
just
93%
table
93%
best
92%
by
92%
got
92%
shit
92%
us
92%
wrong
92%
colors
91%
door
91%
kid
91%
like
91%
portrait
91%
somehow
91%
wait
91%
I've
90%
much
90%
Use
90%
low
89%
Lay
88%
or
88%
You're
88%
of
87%
older
87%
wiser
87%
don't
86%
eyes
86%
where
86%
closed
84%
life
83%
reading
83%
everything
82%
story
82%
too
82%
was
82%
would
82%
footnotes
81%
sky
81%
could
80%
made
80%
begging
79%
temple
79%
leave
78%
notice
78%
this
78%
were
78%
Believe
77%
removed
77%
then
77%
mural
76%
out
76%
ruins
76%
that
76%
time
76%
dagger
75%
man
75%
up
75%
space
74%
they
74%
Took
74%
listen
73%
lose
73%
over
73%
taking
73%
Always
72%
good
72%
polish
72%
until
72%
wire
72%
blankets
71%
glisten
71%
plates
71%
take
71%
barbed
70%
breathing
70%
fine
70%
weight
70%
Where's
70%
worlds
70%
battle
69%
gleam
69%
While
69%
fun
68%
Gain
68%
greet
68%
welcome
68%
assume
67%
hero's
67%
byline
66%
break
65%
hearts
65%
other
65%
Drawing
64%
free
62%
indiscretions
60%
throw
59%
wake
58%
who'd
54%

Score Distribution

Percentile by Number Answered

Percent of People with Each Score

Your Score History

You have not taken this quiz